000 00601cam a22002053a 4500
001 38933
003 PGUSA
005 20140828083847.0
008 120702s2012||||xxu|||||s|||||000 | eng d
040 _aPGUSA
_beng
042 _adc
100 1 _aBurpee, Lawrence J.
_q(Lawrence Johnstone),
_d1873-1946
245 1 0 _aBy Canadian Streams
_h[electronic resource] /
_cLawrence J. Burpee
260 _bProject Gutenberg,
_c2012
506 _aPublic domain in the USA.
516 _aElectronic text
830 0 _aProject Gutenberg
_v38933
856 4 0 _uhttp://www.gutenberg.org/ebooks/38933
942 _cEB
999 _c268186
_d268186